LEADER 05654nam 22006971c 450 001 9910456505703321 005 20200115203623.0 010 $a1-4729-2037-6 010 $a1-283-19502-X 010 $a9786613195029 010 $a1-84930-038-0 010 $a1-84930-039-9 024 7 $a10.5040/9781472920379 035 $a(CKB)2550000000042882 035 $a(EBL)692168 035 $a(OCoLC)768731663 035 $a(SSID)ssj0000538139 035 $a(PQKBManifestationID)11358372 035 $a(PQKBTitleCode)TC0000538139 035 $a(PQKBWorkID)10557495 035 $a(PQKB)11680365 035 $a(MiAaPQ)EBC692168 035 $a(MiAaPQ)EBC5356979 035 $a(MiAaPQ)EBC6158769 035 $a(OCoLC)1113293297 035 $a(UtOrBLW)bpp09259420 035 $a(EXLCZ)992550000000042882 100 $a20150827d2010 uy 0 101 0 $aeng 135 $aur|n|---||||| 181 $ctxt 182 $cc 183 $acr 200 00$aIslamic finance $einstruments and markets 210 1$aLondon $cBloomsbury $d2010. 215 $a1 online resource (238 p.) 225 1 $aQFinance 300 $aIncludes index 311 $a1-84930-018-6 311 $a1-84930-017-8 320 $aIncludes bibliographical references and index. 327 $aCover; Contents; Contributors; Best Practice: Instruments; Viewpoint: Shariah Law-Bringing a New Ethical Dimension to Banking; Islamic Modes of Finance and the Role of Sukuk; Introduction to Islamic Financial Risk Management Products; Islamic Insurance Markets and the Structure of Takaful; Identifying the Main Regulatory Challenges for Islamic Finance; Islamic Microfinance: Fulfilling Social and Developmental Expectations; Risk Management of Islamic Finance Instruments; Sukuk Issuance and Issues in Purchase Undertakings; Auditing Islamic Financial Institutions; Islamic Finance Litigation 327 $aBest Practice: MarketsIslamic Capital Markets: The Role of Sukuk; Capital Adequacy Requirements for Islamic Financial Institutions: Key Issues; The International Role of Islamic Finance; Investment Risk in Islamic Finance; Middle East and North Africa Region: Financial Sector and Integration; Managing Shariah-Compliant Portfolios: The Challenges, the Process, and the Opportunities; Small and Medium-Sized Enterprises and Risk in the Gulf Cooperation Council Countries: Managing Risk and Boosting Profit; Bankruptcy Resolution and Investor Protection in Sukuk Markets 327 $aProcedures for Reporting Financial Risk in Islamic FinanceThe Emergence and Development of Islamic Banking; Islamic Finance and the Global Financial Crisis; Checklists: Instruments; Alternatives to Riba in Islamic Finance; Key Islamic Banking Instruments and How They Work; Key Principles of Islamic Finance; Murabahah Sale Instruments and Their Applications; An Overview of Shariah-Compliant Funds; Possibilities for Shariah-Compliant Derivatives; The Role of the Shariah Advisory Board in Islamic Finance; Sukuk: Islamic Bonds; Takaful Insurance; Checklists: Markets 327 $aBusiness Ethics in Islamic FinanceIslamic Commercial Law; Islamic Equity Funds; Islamic Joint Ventures; Islamic Law of Contracts; Islamic Microfinance; Managing Risk in Islamic Finance; Regulatory and Capital Issues under Shariah Law; Country Profiles; Shariah Law: An International Perspective; Algeria; Bahrain; Bangladesh; Brunei; Egypt; Indonesia; Iran; Iraq; Israel and the Palestinian Territories; Jordan; Kuwait; Lebanon; Libya; Malaysia; Morocco; Pakistan; Qatar; Saudi Arabia; Syria; United Arab Emirates; Information Sources; Books; Magazines; Journals; Internet; Organizations; Index; A 327 $aBC; D; E; F; G; H; I; J; K; L; M; N; O; P; Q; R; S; T; U; V; W; Y 330 $a"Islamic Finance: Instruments and Markets looks at the application of Sharia law to the world of banking and finance. It provides you with an understanding of the rationale behind the instruments and the rapidly developing Islamic financial markets. Coverage includes in-depth analysis of the financial instruments within the Sharia framework and how they are applied in various sectors including insurance, investment and capital markets. Regulatory issues are also discussed both from the role of the Sharia board to reporting financial risk to legal bodies."--Bloomsbury Publishing 330 8 $a Islamic Finance: Instruments and Markets looks at the application of Sharia law to the world of banking and finance. It provides you with an understanding of the rationale behind the instruments and the rapidly developing Islamic financial markets. Coverage includes in-depth analysis of the financial instruments within the Sharia framework and how they are applied in various sectors including insurance, investment and capital markets. Regulatory issues are also discussed both from the role of the Sharia board to reporting financial risk to legal bodies. It addresses issues such as bringing a New Ethical Dimension to Banking through to The International Role of Islamic Finance and provides you with a range of checklists from Business Ethics in Islamic Finance to The Role of the Shariah Advisory Board in Islamic Finance and Regulatory and Capital Issues under Shariah Law 410 0$aQfinance (Series) 606 $aFinance (Islamic law) 606 $2Corporate finance 615 0$aFinance (Islamic law) 676 $a332.091767 712 02$aHay?at Markaz Qat?ar lil-Ma?l, 801 0$bUtOrBLW 801 1$bUtOrBLW 801 2$bUkLoBP 906 $aBOOK 912 $a9910456505703321 996 $aIslamic Finance$92026675 997 $aUNINA LEADER 01896nam0 2200385 i 450 001 MIL0185483 005 20231121125539.0 010 $a8879884581 020 $aIT$b94-9478 100 $a19971013d1993 ||||0itac50 ba 101 | $aita 102 $ait 181 1$6z01$ai $bxxxe 182 1$6z01$an 200 1 $a˜La œpoesia carolingia latina a tema biblico$fFrancesco Stella 210 $aSpoleto$cCentro italiano di studi sull'alto Medioevo$d©1993 215 $aXXXI, 591 p.$d24 cm. 225 | $aBiblioteca di Medioevo latino$v9 410 0$1001VEA0012589$12001 $aBiblioteca di Medioevo latino$v9$171202$aSocietà internazionale per lo studio del Medioevo latino$3CFIV095029 606 $aPoesia religiosa latina$xSec. 9.$2FIR$3RMLC406923$9I 606 $aPoesia religiosa latina$2FIR$3RMLC089639$9I 676 $a871.0309382$9$v21 700 1$aStella$b, Francesco$f <1962- >$3CFIV211004$4070$0170945 790 1$aStella$b, Francesco$c $3BVEV282983$zStella, Francesco <1962- > 801 3$aIT$bIT-01$c19971013 850 $aIT-RM0281 $aIT-FR0084 $aIT-RM0151 $aIT-FR0017 899 $aBIBLIOTECA VALLICELLIANA$bRM0281 899 $aBiblioteca Del Monumento Nazionale Di Montecassino$bFR0084 899 $aBiblioteca Istituto Storico Italiano Medio Evo - I$bRM0151 899 $aBiblioteca umanistica Giorgio Aprea$bFR0017 $eN 912 $aMIL0185483 950 0$aBiblioteca umanistica Giorgio Aprea$d 52CIS Spoleto C 9$e 52VM 0000404535 VM barcode:00013569. - Inventario:12871 FLSVM$fA $h20040302$i20121204$d 52MAG 9/39$e 52DUP0000116495 VMN RS $fA $h20171018$i20171018 977 $a 08$a 25$a 41$a 52 996 $aPoesia carolingia latina a tema biblico$979883 997 $aUNICAS LEADER 02897oas 2201177 a 450 001 9910147067503321 005 20260218113259.0 011 $a1957-7966 024 8 $aeb675657 035 $a(DE-599)ZDB2213285-5 035 $a(OCoLC)60627536 035 $a(CONSER) 2005237378 035 $a(CKB)954925434444 035 $a(DE-599)2213285-5 035 $a(EXLCZ)99954925434444 100 $a20050614a19469999 sy 101 0 $afre 135 $aurbnu|||||||| 181 $ctxt$2rdacontent 182 $cc$2rdamedia 183 $acr$2rdacarrier 200 10$aPopulation 210 $aParis $cInstitut national d'e?tudes de?mographiques$d1946- 215 $a1 online resource 300 $aRefereed/Peer-reviewed 300 $aTitle from title screen (JSTOR, viewed Dec. 7, 2005). 311 08$a0032-4663 531 1 $aPopulation \b (E?d. fr., En ligne) 606 $aPopulation$vPeriodicals 606 $aDemography$vPeriodicals 606 $aDemography 606 $aPopulation 606 $aDemography 606 $aPopulation 606 $aPopulation$xAccroissement$vPe?riodiques 606 $aDe?mographie$vPe?riodiques 606 $aDe?mographie 606 $aPopulation 606 $ademography$2aat 606 $apopulation$2aat 606 $a74.95 population (demography)$2bcl 606 $aDemography$2fast$3(OCoLC)fst00890158 606 $aPopulation$2fast$3(OCoLC)fst01071476 606 $aBevolking$2gtt 608 $aPeriodicals.$2fast 615 0$aPopulation 615 0$aDemography 615 0$aDemography. 615 0$aPopulation. 615 2$aDemography. 615 2$aPopulation. 615 6$aPopulation$xAccroissement 615 6$aDe?mographie 615 6$aDe?mographie. 615 6$aPopulation. 615 7$ademography. 615 7$apopulation. 615 7$a74.95 population (demography) 615 7$aDemography. 615 7$aPopulation. 615 17$aBevolking. 676 $a312.05 712 02$aInstitut national d'e?tudes de?mographiques (France) 801 0$bOCLCS 801 1$bOCLCS 801 2$bHUL 801 2$bEYM 801 2$bHUL 801 2$bMUQ 801 2$bNLGGC 801 2$bOCLCQ 801 2$bWAU 801 2$bGWDNB 801 2$bOCLCQ 801 2$bOCLCF 801 2$bVT2 801 2$bOCLCQ 801 2$bOCLCO 801 2$bOCLCQ 801 2$bDEBBG 801 2$bBUF 801 2$bCUI 801 2$bOCLCA 801 2$bAUD 801 2$bAU@ 801 2$bU3W 801 2$bNJT 801 2$bOCLCO 801 2$bOCLCA 801 2$bOCLCQ 801 2$bOCLCA 801 2$bCUI 801 2$bOCLCO 801 2$bOCLCQ 801 2$bUAB 801 2$bCASUM 801 2$bOCLCQ 906 $aJOURNAL 912 $a9910147067503321 996 $aPopulation$9458925 997 $aUNINA